| 000 | 02002nam a2200253 a 4500 | ||
|---|---|---|---|
| 001 | 000006564 | ||
| 005 | 20200929153943.0 | ||
| 008 | 090901s1997 dr a 000 0 spa d | ||
| 040 |
_aDO-SdBNP _bspa _cBNPHU |
||
| 082 |
_a332.6 _bS471i |
||
| 111 | 1 |
_aSeminario Inversión en la República Dominicana _d(1997 : _cSanto Domingo) _918222 |
|
| 245 | 1 | 0 |
_aInversión en la República Dominicana : _bfacilidad y oportunidad / _cPresentación José Tomás Pérez. |
| 260 |
_aSanto Domingo : _bCorporación de Fomento Industrial, _c1997. |
||
| 300 |
_a149 p. : _bil. ; _c22 cm. |
||
| 505 |
_tClima y política de inversión foranea en la República Dominicana : papel del personal diplomático y consular -- _tInversión extranjera en la República Dominicana -- _tImportancia de la estabilidad para la inversión extranjera -- _tRegimen jurídico de sustentación de la inversión extranjera -- _tPerspectivas del sector eléctrico dominicano de cara al desarrollo industrial del país -- _tDesarrollo, presente y futuro de las zonas francas industriales -- _tLa experiencia en una empresa de zona franca -- _tInversión en la República Dominicana: facilidad y oportunidad -- _tRepercusión de la paridad textil en el futuro de las zonas francas en la República Dominicana -- _tLas exportaciones en el actual proceso de desarrollo -- _tFacilidades de las aduanas en el merco del nuevo proceso de desarrollo dominicano -- _tAlcalde y beneficios del convenio de lomé IV para la República Dominicana -- _tIntegración de la agroindustria al sector zona franca. |
||
| 590 | _aInventariado, 2018/MFF | ||
| 650 | 4 |
_aInversiones extranjeras _zRepública Dominicana _xCongresos, conferencias, etc. _918223 |
|
| 650 | 4 |
_aInversiones de capital _vCONGRESOS,CONFERENCIAS,ETC. _918224 |
|
| 650 | 4 |
_aPolítica de inversiones _918225 |
|
| 650 | 4 |
_aZonas francas industriales _918226 |
|
| 651 | 4 |
_aRepública Dominicana _xPolítica Económica _9643 |
|
| 700 | 1 |
_aTomás Pérez, José _918227 |
|
| 910 | _aValidado. Control de calidad MFF | ||
| 999 |
_c6355 _d6355 |
||